|
|
|
|
| LEADER |
00813nam a2200313 4500 |
| 001 |
DLU110119951 |
| 005 |
##20110419 |
| 008 |
##010503s2002 txu 001 0 eng |
| 010 |
# |
# |
|a 2001090672
|
| 020 |
# |
# |
|a 015506374X
|
| 040 |
# |
# |
|a DLC
|c DLC
|d DLC
|
| 082 |
# |
# |
|a 808.042
|b Wri
|
| 245 |
# |
# |
|a Writer's choice :
|b grammar and composition.
|n t.XII.
|
| 250 |
# |
# |
|a Texas ed.
|
| 260 |
# |
# |
|a Columbus :
|b Glecoe/McGraw-Hill,
|c 2001.
|
| 300 |
# |
# |
|a xxviii, 923 p. ;
|c 26 cm.
|
| 500 |
# |
# |
|a Includes index
|
| 650 |
# |
# |
|a English language
|x Composition.
|
| 650 |
# |
# |
|a English language
|x Grammar.
|
| 923 |
# |
# |
|a 01/2011NN
|
| 992 |
# |
# |
|a 0
|
| 994 |
# |
# |
|a KNN
|
| 900 |
# |
# |
|a True
|
| 911 |
# |
# |
|a Đào Thị Thu Huyền
|
| 925 |
# |
# |
|a G
|
| 926 |
# |
# |
|a A
|
| 927 |
# |
# |
|a SH
|
| 980 |
# |
# |
|a Thư viện Trường Đại học Đà Lạt
|